000 01360cam a22003497a 4500
003 CHAP
005 20220329134540.0
008 971013s1983 mx a r 00010 spa d
010 _a22012
011 _a22984
035 _a27079
040 _cCHAP
082 0 4 _a574.09
_bC62Y
100 0 0 _aColeman, William.
_925122
245 1 3 _aLa biología en el siglo XIX
_b: problemas de forma, función y transformación
260 _aMéxico :
_bFondo de Cultura Económica,
_c1983
300 _a306 p.
_b: ilus.
490 0 _aBreviarios
_v; 350
590 _aBATCH-UPD
_b10
_c20130110
_lUCH01
_h1221
590 _aBATCH-UPD
_b10
_c20130410
_lUCH01
_h0756
590 _aBATCH-UPD
_b10
_c20130914
_lUCH01
_h0633
590 _aCONVERSION
_b10
_c20130109
_lUCH01
_h1313
650 1 4 _aBiología
_xHistoria.
_912785
830 0 _aBreviarios
_v; 350
_915273
901 _aBK
942 _cLIBRO
949 _a574.09 C62Y
_bBC
_cLIBRO
_d33724000459913
_eLIBRO
_fc.5
_gI. c/e
_h73989
_i27079
_si
_t550.00
949 _a574.09 C62Y
_bBC
_cLIBRO
_d33724000459921
_eLIBRO
_fc.4
_gI. c/e
_h68235
_i27079
_si
_t550.00
949 _a574.09 C62Y
_bBC
_cLIBRO
_d33724000459939
_eLIBRO
_fc.3
_gI. c/e
_h68234
_i27079
_si
_t550.00
949 _a574.09 C62Y
_bBC
_cLIBRO
_d33724000459947
_eLIBRO
_fc.2
_gI. c/e
_h65722
_i27079
_si
_t550.00
949 _a574.09 C62Y
_bBC
_cLIBRO
_d33724000656815
_eLIBRO
_h63135
_i27079
_si
_t550.00
999 _c22012
_d22012